Journal on Ethnopolitics and Minority Issues in Europe JEMIE

Detalles Bibliográficos
Formato: Revista
Lenguaje:inglés
Publicado: Flensburg : European Centre for Minority Issues (ECMI), 2002-
Materias:
Acceso en línea:http://www.vlex.com/source/7218

MARC

LEADER 00000nas a22000007a 4500
005 20130322080111.0
007 cr|||| ||||
008 130322c20029999gw ar|p s|||| 0|||a1eng d
022 |a 16175247  
035 |a 7218 
040 |a vLex 
090 |c 3983  |d 3983 
245 0 0 |a Journal on Ethnopolitics and Minority Issues in Europe  |b JEMIE  |h [Recurso electrn̤ico]  
256 |a Servicio en ln̕ea 
260 |a Flensburg :  |b European Centre for Minority Issues (ECMI),   |c 2002- 
300 |a 1 Recurso electrn̤ico 
506 |d vLex Global  |d vLex Global (Academic Edition, excluding Law Schools)  |d vLex Global (U.S. Academic Edition, Law Schools)  |d vLex Global (U.S. Academic Edition, excluding Law Schools)  |d vLex Global (Academic Edition, Law Schools) 
650 0 4 |a Ciencias polt̕icas  |v Revistas 
650 0 4 |a Etnopolt̕ica  |v Revistas 
740 |a vLex Revistas (Servicio en ln̕ea) 
856 |a Acceso restrigido  |u http://www.vlex.com/source/7218 
942 |c REV 
999 0 |a Political science